| 000 | 02075 a2200289 4500 | ||
|---|---|---|---|
| 001 | 43861 | ||
| 005 | 20260407155719.0 | ||
| 008 | 260407a2012 arg spa d | ||
| 003 | AR-UNSa-BCEJYS | ||
| 040 |
_aAR-UNSa-BCEJYS _bspa _cAR-UNSa-BCEJYS |
||
| 080 |
_a330.101.541 _xMacroeconomía |
||
| 245 | 1 | 0 | _aMacroeconomía |
| 020 | _a978-84-8322-788-6 | ||
| 250 | _a5a. ed. | ||
| 264 | 1 |
_aMadrid : _bPearson Educación _c2012 |
|
| 300 |
_axxix, 650 p. _c25 cm. |
||
| 505 | _a1. Una gira por el mundo - 2. Una gira por el libro - 3. El mercado de bienes - 4. Los mercados financieros - 5. Los mercados de bienes y financieros: el modelo IS y LM - 6. El modelo IS-LM en una economía abierta - 7. El mercado de trabajo - 8. Análisis conjunto de todos los mercados: el modelo OA-DA - 9. La tasa natural de desempleo y la curva de Phillips - 10. La inflación, la actividad económica y el crecimiento de la cantidad nominal de dinero - 11. Los hechos del crecimiento - 12. El ahorro, la acumulación de capital y la producción - 13. El progreso tecnológico y el crecimiento - 14. Las expectativas: los instrumentos básicos - 15. Los mercados financieros y las expectativas - 16. Las expectativas, el consumo y la inversión - 17. Las expectativas, la producción y la política macroeconómica - 18. La política económica en una economía abierta - 19. Los sistemas de tipos de cambio - 20. La crisis de 2007-2010 - 21. La elevada deuda - 22. La inflación alta - 23. La política macroeconómica y sus responsables: ¿qué sabemos? - 24. Reglas y restricciones de la política monetaria y de la política fiscal - 25. La integración económica y monetaria europea - 26. El euro: los pormenores | ||
| 041 | _aspa | ||
| 942 | _cBK | ||
| 590 | _aniveau_biblio:m niveau_hierar:0 | ||
| 100 | 1 | _aBlanchard, Olivier | |
| 700 | 1 | _aAmighini, Alessia | |
| 700 | 1 | _aRabasco Espáriz, Esther | |
| 700 | 1 | _aGiavazzi, Francesco | |
| 700 | 1 | _aToharia Cortés, Luis | |
| 856 | 4 | 1 |
_uhttps://biblioeco.unsa.edu.ar/pmb/images/libros/L126766.jpg _yImagen de portada _qimage/jpeg |
| 999 |
_c3729 _d3729 |
||